Score 0/18 Timer 03:00
0 Plays Today
This or that? A or B % Correct
A. ...play Pokémon GO or B. ...register to vote????
88.6%
A. Hillary Clinton or B. Donald Trump????
85%
A. Dallas shooting or B. Orlando shooting????
81.3%
A. Copa América or B. Euro 2016????
78.1%
A. Finding Dory or B. Zootopia????
77.9%
A. Royal Rumble or B. World Series (MLB)????
76.1%
A. Stranger Things or B. Westworld????
74.7%
A. US election or B. Brexit????
74.2%
A. Deadpool or B. Suicide Squad????
70.7%
This or that? A or B % Correct
A. Alan Rickman or B. Gene Wilder????
68.9%
A. Nigel Farage or B. Boris Johnson????
58.3%
A. Prince or B. David Bowie????
57.4%
A. Captain America: Civil War or B. Batman vs. Superman????
55.6%
A. Ryan Lochte or B. Michael Phelps????
48.9%
A. Céline Dion or B. Kesha????
47.5%
A. Nice or B. Brussels????
46.9%
A. Rolls-Royce or B. Bentley????
39.1%
A. Freedom 251 or B. Google Pixel????
17.5%
Remove Ads.
Support Sporcle.
Get the best of Sporcle when you Go Orange. This ad-free experience offers more features, more stats, and more fun while also helping to support Sporcle. Thank you for becoming a member.

You're not logged in!

Compare scores with friends on all Sporcle quizzes.
OR
Log In

Show Comments

Extras

Top Quizzes Today


Score Distribution

Your Account Isn't Verified!

In order to create a playlist on Sporcle, you need to verify the email address you used during registration. Go to your Sporcle Settings to finish the process.

Report this User

Report this user for behavior that violates our Community Guidelines.

Details: